The naval campaign of 1805 : (Record no. 28366)
[ view plain ]
| 000 -LEADER | |
|---|---|
| fixed length control field | 00991nam a22002892a 4500 |
| 001 - CONTROL NUMBER | |
| control field | 28366 |
| 003 - CONTROL NUMBER IDENTIFIER | |
| rucl marc code | BD-RJUL |
| 005 - DATE AND TIME OF LATEST TRANSACTION | |
| control field | 20211209051255.0 |
| 008 - FIXED-LENGTH DATA ELEMENTS--GENERAL INFORMATION | |
| fixed length control field | 140330s1933 enkabeh 001 0 eng d |
| 035 ## - SYSTEM CONTROL NUMBER | |
| System control number | (BD-RJUL)28447 |
| 040 ## - CATALOGING SOURCE | |
| Original cataloging agency | DLC |
| Transcribing agency | CLE |
| Modifying agency | OCL |
| -- | EQO |
| Language of cataloging | eng |
| 041 ## - LANGUAGE CODE | |
| Language code of text/sound track or separate title | eng |
| 082 ## - DEWEY DECIMAL CLASSIFICATION NUMBER | |
| Classification number | 942.073 |
| Author mark and year | DEN 1933 |
| 100 1# - MAIN ENTRY--PERSONAL NAME | |
| Personal name | Desbrière, Edouard, |
| Dates associated with a name | 1859- |
| 9 (RLIN) | 79777 |
| 245 14 - TITLE STATEMENT | |
| Title | The naval campaign of 1805 : |
| Remainder of title | Trafalgar / |
| Statement of responsibility, etc. | Édouard Desbrière. Translated and edited by Constance Eastwick |
| Number of part/section of a work | V-2 |
| 260 ## - PUBLICATION, DISTRIBUTION, ETC. (IMPRINT) | |
| Place of publication, distribution, etc. | Oxford : |
| Name of publisher, distributor, etc. | The Clarendon Press, |
| Date of publication, distribution, etc. | 1933 |
| 300 ## - PHYSICAL DESCRIPTION | |
| Pagination | 444 P. : |
| Illustrations | ill. ; |
| Size | 24 cm |
| 500 ## - GENERAL NOTE | |
| General note | Folded maps and plans in pockets |
| General note | Errata slip inserted (v. 1, between p. xx & xxi) |
| General note | Vol. 2 contains appendixes (documents) |
| 504 ## - BIBLIOGRAPHY, ETC. NOTE | |
| Bibliography, etc | includes index |
| 650 #0 - SUBJECT ADDED ENTRY--TOPICAL TERM | |
| Topical term or geographic name as entry element | Trafalgar, Battle of, 1805 |
| 9 (RLIN) | 71906 |
| 651 #0 - SUBJECT ADDED ENTRY--GEOGRAPHIC NAME | |
| Geographic name | Great Britain |
| General subdivision | History, Naval |
| Chronological subdivision | 19th century |
| 9 (RLIN) | 57384 |
| 700 1# - ADDED ENTRY--PERSONAL NAME | |
| Personal name | Eastwick, Constance. |
| 942 ## - ADDED ENTRY ELEMENTS (KOHA) | |
| Source of classification or shelving scheme | Dewey Decimal Classification |
| Koha item type | Books |
| Lost status | Source of classification or shelving scheme | Damaged status | Not for loan | Collection code | Permanent Location | Current Location | Shelving location | Date acquired | Source of acquisition | Cost, normal purchase price | Total Checkouts | Full call number | Date last seen | Copy number | Koha item type |
|---|---|---|---|---|---|---|---|---|---|---|---|---|---|---|---|
| Dewey Decimal Classification | Added to bundle | Non-fiction | Central Library, University of Rajshahi | Central Library, University of Rajshahi | Reading Room | 23/06/1955 | O. U. P | 23.10 | 942.073 DEN V-2 1933 | 30/03/2014 | C-1 | Books |